Island Countries in the Northern Hemisphere - Statistics

General Stats
  • This quiz has been taken 66 times
  • The average score is 30 of 34
Answer Stats
Countries % Correct
Japan
100%
Ireland
98%
United Kingdom
96%
Barbados
95%
Cuba
95%
DominicanRepublic
95%
Jamaica
95%
Saint Kittsand Nevis
95%
Saint Lucia
95%
São Toméand Principe
95%
Antigua andBarbuda
93%
Bahamas
93%
Cape Verde
93%
Cyprus
93%
Haiti
93%
Malta
93%
Saint Vincent andthe Grenadines
93%
Dominica
91%
Grenada
91%
Iceland
91%
Sri Lanka
91%
Philippines
89%
Taiwan
89%
Bahrain
87%
Indonesia
87%
Maldives
85%
Marshall Islands
85%
Brunei
84%
Palau
84%
Kiribati
82%
Singapore
82%
Federated Statesof Micronesia
76%
Trinidad andTobago
75%
Comoros
71%
No matching quizzes found
Score Distribution
Percent of People with Each Score
Percentile by Number Answered
Your Score History
You have not taken this quiz